Samobójstwa - Statystyki

Ogólne statystyki
  • Ten quiz został rozwiązany 535 razy
    48 od ostatniego zresetowania
  • Średni wynik to 9 z 25
Statystyki odpowiedzi
x /100 000 osób Kraj % Poprawnych
24.10 Rosja
91%
17.47 Japonia
89%
25.81 Korea Południowa
82%
23.17 Ukraina
75%
27.91 Litwa
66%
19.42 Łotwa
66%
20.44 Białoruś
64%
16.91 Węgry
41%
18.20 Kazachstan
39%
17.3 Belgia
25%
17.12 Słowenia
25%
18.27 Wyspy Salomona
23%
31.26 Gujana
20%
23.55 Nauru
20%
16.49 Tuvalu
20%
17.29 Kiribati
18%
16.31 Vanuatu
18%
20.17 Mikronezja
16%
16.27 Sri Lanka
16%
23.60 Surinam
16%
21.31 Urugwaj
16%
20.04 Wyspy Marshalla
16%
17.61 Zimbabwe
16%
18.42 Eswatini
9%
20.57 Lesotho
9%
Nie znaleziono quizów pasujących do podanych kryteriów
Rozkład punktacji
Procent ludzi z każdym wynikiem
Percentyl według liczby udzielonych odpowiedzi
Twoja historia wyników
Nie rozwiązałeś tego quizu od ostatniego zresetowania